000 00297nam a2200133Ia 4500
008 191201s2011 xx 000 0 und d
082 _a621
_bHMT
100 _aHMT, Bangalore
245 0 _aMechatronics
250 _a19th rep
260 _c2011
_bTMH
_aNEW DELHI
300 _a461
942 _2ddc
_cBK
999 _c8019
_d8019